| 000 | 01052cam a2200169 4500500 | ||
|---|---|---|---|
| 005 | 20260329064830.0 | ||
| 041 | _afre | ||
| 042 | _adc | ||
| 100 | 1 | 0 |
_aLéon, Pierre _eauthor |
| 700 | 1 | 0 |
_aLéon, Monique _eauthor |
| 700 | 1 | 0 |
_aLéon, Françoise _eauthor |
| 700 | 1 | 0 |
_aThomas, Alain _eauthor |
| 245 | 0 | 0 | _aPhonétique du FLE : Prononciation : de la lettre au son |
| 260 |
_bArmand Colin,
_c2009. |
||
| 520 | _aCe livre est un aide-mémoire sur le rapport lettre-son dans l’enseignement du français langue étrangère. Le débutant apprend souvent à lire et à écrire le français avant d’en maîtriser la phonétique. Le futur enseignant trouvera ici l’explication de la prononciation des lettres du français. Il pourra enseigner comment éviter tous les pièges de l’orthographe de notre langue. La présentation alphabétique (un chapitre par lettre et par combinaison) et le glossaire faciliteront la consultation. | ||
| 856 | 4 | 1 | _uhttps://shs.cairn.info/phonetique-du-fle--9782200355647?lang=fr&redirect-ssocas=7080 |
| 999 |
_c2017511 _d2017511 |
||